000 04107cam a22013214i 4500
003 PE-LiUPU
005 20250813185357.0
008 150706s r 000 0 d
020 _a9789682431296
035 _a(Sirsi) i9789682431296
040 _aPE-LiUPU
_bspa
_cPE-LiUPU
_erda
049 _aPRUA
082 0 4 _a378.199
_bM4
_221
100 1 _aDíaz-Barriga Arceo, Frida,
_eautor.
245 0 1 _aMetodología de diseño curricular para educación superior /
_cFrida Díaz-Barriga Arceo [et al].
250 _areimp. 2011
264 1 _aMéxico :
_bTrillas,
_c1990.
300 _a175 páginas :
_bilustraciones diagrs. ;
_c23 centímetros
336 _atext
_2rdacontent
337 _aunmediated
_2rdamedia
338 _avolume
_2rdacarrier
504 _aIncluye bibliografía.
505 0 _aFundamentos teoricometodológicos del currículo -- Fundamentación del currículo -- Perfil profesional -- Organización y estructuración curricular -- Evaluación continua del currículo.
526 _aP202
526 _aP201
526 _aP163
526 _aP162
526 _aP161
526 _aP160
526 _aP148
526 _aP147
526 _aP146
526 _aP145
526 _aP144
526 _aP143
526 _aP142
526 _aP141
526 _aP140
526 _aP139
526 _aP138
526 _aP137
526 _aP136
526 _aP135
526 _aP134
526 _aP133
526 _aP129
526 _aP128
526 _aP127
526 _aP120
526 _aP119
526 _aP118
526 _aP116
526 _aP115
526 _aP114
526 _aP110
526 _aP109
526 _aP108
526 _aP104
526 _aP103
526 _aP102
526 _aP99
526 _aP98
526 _aP97
526 _aP96
526 _aP95
526 _aP93
526 _aP90
526 _aP89
526 _aP88
526 _aP83
526 _aP82
526 _aP62
526 _aP59
526 _aP58
526 _aP57
526 _aP51
526 _aP49
526 _aP48
526 _aP47
526 _aP29
526 _aP24
526 _aP20
526 _aP19
526 _aP17
526 _aP15
526 _aP14
526 _aP12
526 _aP10
526 _aP09
526 _aP08
526 _aP07
526 _aP06
526 _aP05
526 _aP04
526 _aP01
541 _g015-0012928;
650 0 4 _aEducación superior
_xCurrícula.
650 0 4 _aEducación superior
_zMéxico.
700 1 _aDíaz Barriga Arceo, Frida
700 1 _aGonzales, Lourdes Lule
700 1 _aPacheco Pinzón, Diana.
910 _bjck
_d20110616
942 _2ddc
_cBOOK
949 _a376.5 D67R
_wDEWEY
_c1
_i44891
_lCCODEBUL1
_mBUL
_r0
_sY
_tBOOK
_u2015-6-24
_xEDUCACION
_zUNKNOWN
_0COMPRA
_o.CIRCNOTE.
_o.STAFF. Colección General
949 _aPGE 378.199 M4
_wDEWEY
_c1
_i63108
_d2015-11-26
_e2015-11-19
_lCCODEBUL1
_mBUL
_n1
_p20.00
_q2
_r0
_sY
_tBOOK
_u2015-7-6
_xEDUCACION
_PP57
_0COMPRA
_o.CIRCNOTE.
_o.STAFF. Colección General
949 _a378.199 D69
_wDEWEY
_c1
_iFJ05334
_lCCODEBUJ1
_mBUJ
_p13.00
_r0
_sY
_tBOOK
_u2016-07-08
_xEDUCACIÓN
_PP14
_o.STAFF -- Colección General Juliaca
994 _aC0
_bPEPRU
596 _a1 3
999 _a376.5 D67R
_wDEWEY
_c21763
_i44891
_e2017-1-29
_f2019-12-10
_g4
_lDISCARD
_mBUL
_n1
_r0
_sY
_tBOOK
_u2015-6-24
_xEDUCACION
_zUNKNOWN
_0COMPRA
_o.CIRCNOTE. No olvidar cambiar la fecha de devolución!!!!!!!
_o.STAFF. Colección General
_d21763
999 _aPGE 378.199 M4
_wDEWEY
_c1
_i63108
_d2018-4-23
_e2018-4-19
_f2021-11-8
_g5
_lCCODEBUL1
_mBUL
_n2
_p20.00
_q2
_r0
_sY
_tBOOK
_u2015-7-6
_xEDUCACION
_PP57
_0COMPRA
_o.CIRCNOTE. No olvidar cambiar la fecha de devolución!!!!!!!
_o.STAFF. Colección General
999 _a378.199 D69
_wDEWEY
_c1
_iFJ05334
_f2022-1-18
_g2
_lCCODEBUJ1
_mBUJ
_p13.00
_r0
_sY
_tBOOK
_u2017-1-13
_xFCE
_PP04
_0COMPRA
_o.STAFF. Colección General Juliaca
980 _81
_gALBERTO SANCHEZ Responsable de Automatización